Statistics for 香港十八区

Click here to take the quiz!

General Stats

  • This quiz has been taken 961 times
  • The average score is 11 of 18

Answers on the Map

Answers color-coded by a green-red scale on the quiz's map according to % correct below.
 

Answer Stats

Answer% Correct
九龙城区
86%
离岛区
76%
南区
76%
北区
75%
元朗区
73%
东区
70%
屯门区
68%
黄大仙区
63%
油尖旺区
63%
荃湾区
62%
西贡区
60%
中西区
60%
湾仔区
55%
沙田区
54%
大埔区
52%
观塘区
51%
深水埗区
50%
葵青区
50%

Score Distribution

Percentile by Number Answered

Percent of People with Each Score

Your Score History

You have not taken this quiz